| 000 -LEADER |
| fixed length control field |
00621nam a2200205Ia 4500 |
| 001 - CONTROL NUMBER |
| control field |
13806 |
| 003 - CONTROL NUMBER IDENTIFIER |
| control field |
GE_BSU |
| 008 - FIXED-LENGTH DATA ELEMENTS--GENERAL INFORMATION |
| fixed length control field |
181216s||||||||xx |||||||||||||| ||und|| |
| 040 ## - CATALOGING SOURCE |
| Transcribing agency |
GE_BSU |
| 080 ## - UNIVERSAL DECIMAL CLASSIFICATION NUMBER |
| Universal Decimal Classification number |
622.243(075) |
| 100 ## - MAIN ENTRY--PERSONAL NAME |
| Personal name |
Островский,А.П. |
| 245 ## - TITLE STATEMENT |
| Title |
Новые процесы бурения глубоких скважин. |
| 245 ## - TITLE STATEMENT |
| Statement of responsibility, etc. |
Вед. ред. Н.Д.Дубрович. |
| 260 ## - PUBLICATION, DISTRIBUTION, ETC. |
| Place of publication, distribution, etc. |
М. |
| 260 ## - PUBLICATION, DISTRIBUTION, ETC. |
| Name of publisher, distributor, etc. |
Гостоптехиздат. |
| 260 ## - PUBLICATION, DISTRIBUTION, ETC. |
| Date of publication, distribution, etc. |
1960. |
| 300 ## - PHYSICAL DESCRIPTION |
| Extent |
188 стр. 22 см. |
| 653 ## - INDEX TERM--UNCONTROLLED |
| Uncontrolled term |
Новые процесы бурения глубоких скважин. |
| 942 ## - ADDED ENTRY ELEMENTS (KOHA) |
| Koha item type |
წიგნი |